Concepts of Programming Languages/ (Record no. 203632)

MARC details
000 -LEADER
fixed length control field 00613nam a22002057a 4500
005 - DATE AND TIME OF LATEST TRANSACTION
control field 20240619122421.0
010 ## - LCCN (DPL NO)
LC control number ENG-140640
020 ## - INTERNATIONAL STANDARD BOOK NUMBER
Terms of availability 799.00
International Standard Book Number 9789356067414
035 ## - SYSTEM CONTROL NUMBER
System control number EN-124172
037 ## - SOURCE OF ACQUISITION
Source of stock number/acquisition DBAD
082 ## - DEWEY DECIMAL CLASSIFICATION NUMBER
Classification number 005.133
100 ## - MAIN ENTRY--PERSONAL NAME
Personal name Sebesta, Robert W.
245 ## - TITLE STATEMENT
Title Concepts of Programming Languages/
Statement of responsibility, etc Robert W. Sebesta
250 ## - EDITION STATEMENT
Edition statement 12fth edition
260 ## - PUBLICATION, DISTRIBUTION, ETC. (IMPRINT)
Place of publication, distribution, etc Uttar Pradesh
Name of publisher, distributor, etc Pearson India Education Services Pvt. Ltd
Date of publication, distribution, etc 2023
270 ## - ADDRESS
City Noida
Postal code 201301
300 ## - PHYSICAL DESCRIPTION
Extent xxi; 752p. :
Dimensions 24cm(Pb)
700 ## - ADDED ENTRY--PERSONAL NAME
Personal name Robert W. Sebesta
9 (RLIN) 67584
942 ## - ADDED ENTRY ELEMENTS (KOHA)
Source of classification or shelving scheme Dewey Decimal Classification
Item type English Books
Classification part 005.133
Call number suffix SEB
Holdings
Withdrawn status Lost status Not for loan Collection code Home library Current library Date acquired Source of acquisition Cost, normal purchase price Full call number Barcode Copy number Cost, replacement price Koha item type
      Non-fiction Central Library Central Library 19/06/2024 DBAD 799.00 005.133 SEB EN-124172 1 799.00 English Books

© Delhi Public Library
Hit Counter
free hit counter